Electromagnetic radiation : (Record no. 29546)

000 -LEADER
fixed length control field 00775 a2200193 4500
020 ## - INTERNATIONAL STANDARD BOOK NUMBER
International Standard Book Number 3540292233
020 ## - INTERNATIONAL STANDARD BOOK NUMBER
International Standard Book Number 9783540292234
082 ## - DEWEY DECIMAL CLASSIFICATION NUMBER
Classification number 539.2
090 ## - LOCALLY ASSIGNED LC-TYPE CALL NUMBER (OCLC); LOCAL CALL NUMBER (RLIN)
-- 925
-- 925
100 1# - MAIN ENTRY--PERSONAL NAME
Personal name Milton, Kimball A.
245 10 - TITLE STATEMENT
Title Electromagnetic radiation :
Remainder of title variational methods, waveguides and accelerators :
-- including seminal papers of julian schwinger /
Statement of responsibility, etc. Kimball A. Milton, Julian Schwinger.
260 ## - PUBLICATION, DISTRIBUTION, ETC.
Place of publication, distribution, etc. [S.l.] :
Name of publisher, distributor, etc. Springer,
Date of publication, distribution, etc. 2006.
300 ## - PHYSICAL DESCRIPTION
Extent 607 p. ;
Dimensions 24 cm.
490 1# - SERIES STATEMENT
Series statement Particle acceleration and detection.
700 1# - ADDED ENTRY--PERSONAL NAME
Personal name Schwinger, Julian.
830 #0 - SERIES ADDED ENTRY--UNIFORM TITLE
Uniform title Particle acceleration and detection.
942 ## - ADDED ENTRY ELEMENTS (KOHA)
Institution code [OBSOLETE] SNS
Koha item type Book
Call number prefix 539.2 MIL
Holdings
Withdrawn status Lost status Damaged status Not for loan Permanent Location Current Location Date acquired Total Checkouts Full call number Barcode Date last seen Date last checked out Price effective from Koha item type
        School of Natural Sciences (SNS) School of Natural Sciences (SNS) 05/26/2016 1 539.2 MIL SNS0001094 05/06/2017 05/06/2017 05/26/2016 Book
© 2023 Central Library, National University of Sciences and Technology. All Rights Reserved.